|
|
|
|
| LEADER |
00640cam a2200205ua 4500 |
| 008 |
100708t2004||||||||||| 00 ||||| c |
| 082 |
|
|
|a 620.3
|b TSE/M
|
| 100 |
|
|
|a Tsc,, Francis S.
|
| 245 |
1 |
0 |
|a Mechanical vibrations: theory and applications /
|
| 250 |
|
|
|a 2nd
|
| 260 |
|
|
|a New Delhi:
|b CBS,
|c 2004.
|
| 300 |
|
|
|a 449p..
|
| 362 |
1 |
|
|a 2004.
|
| 650 |
|
|
|a Vibrations-Engineering
|
| 650 |
0 |
|
|a Engineering
|
| 700 |
|
|
|a Morse,, Ivan E.
|
| 700 |
0 |
2 |
|a Hinkle,, Rolland T.
|
| 942 |
|
|
|c BK
|
| 999 |
|
|
|c 22651
|d 22651
|
| 952 |
|
|
|0 0
|1 0
|4 0
|6 620_300000000000000_TSE
|7 0
|9 24025
|a KUCL
|b KUCL
|d 2014-05-23
|l 1
|o 620.3 TSE/
|p 23148
|r 2017-03-07
|s 2017-02-07
|w 2014-05-23
|y BK
|